Data mining with python : (Record no. 53830)

MARC details
000 -LEADER
fixed length control field 00407nam a2200145Ia 4500
005 - DATE AND TIME OF LATEST TRANSACTION
control field 20260430133742.0
008 - FIXED-LENGTH DATA ELEMENTS--GENERAL INFORMATION
fixed length control field 260429s9999||||xx |||||||||||||| ||und||
020 ## - INTERNATIONAL STANDARD BOOK NUMBER
International Standard Book Number 9781032598901
082 ## - DEWEY DECIMAL CLASSIFICATION NUMBER
Classification number 006.312
Item number WU
100 ## - MAIN ENTRY--PERSONAL NAME
Personal name Wu, Di
245 #0 - TITLE STATEMENT
Title Data mining with python :
Remainder of title theory, application, and case studies /
Statement of responsibility, etc Di Wu
260 ## - PUBLICATION, DISTRIBUTION, ETC. (IMPRINT)
Place of publication, distribution, etc Baca :
Name of publisher, distributor, etc CRC Press,
Date of publication, distribution, etc 2024.
300 ## - PHYSICAL DESCRIPTION
Extent xxiii, 390 p.; pbk
942 ## - ADDED ENTRY ELEMENTS (KOHA)
Koha item type Coaching cell/ UGC NET Cell
Holdings
Withdrawn status Lost status Damaged status Not for loan Home library Location Shelving location Date of Cataloging Source of acquisition Total Checkouts Full call number Barcode Date last seen Price effective from Koha item type
        CUTN Central Library CUTN Central Library Generalia 30/04/2026 UGC NET cell books   006.312 WU 55473 30/04/2026 30/04/2026 Coaching cell/ UGC NET Cell